Introduction to real analysis.
Uloženo v:
| Hlavní autoři: | , |
|---|---|
| Médium: | Kniha |
| Jazyk: | angličtina |
| Vydáno: |
Hoboken, NJ, USA:
John Wiley and Sons, Inc.,
2011.
|
| Vydání: | Fourth edition. |
| Témata: | |
| Tagy: |
Přidat tag
Žádné tagy, Buďte první, kdo vytvoří štítek k tomuto záznamu!
|
MARC
| LEADER | 00000cam a2200000 a 4500 | ||
|---|---|---|---|
| 001 | UCE1720 | ||
| 003 | CL-VaPUC | ||
| 005 | 20240527121205.0 | ||
| 008 | 140508e20110000us |||||||||||||||||eng|d | ||
| 999 | |c 355442 |d 355440 | ||
| 020 | |a 9780471433316 | ||
| 040 | |c Pontificia Universidad Católica de Valparaíso | ||
| 082 | 0 | 4 | |a 515.8 BAR 2011 |2 21 |
| 100 | 0 | |a Bartle, Robert Gardner |e author |9 574103 | |
| 245 | 1 | 0 | |a Introduction to real analysis. |
| 250 | |a Fourth edition. | ||
| 260 | |a Hoboken, NJ, USA: |b John Wiley and Sons, Inc., |c 2011. | ||
| 300 | |a xiii, 402 páginas. | ||
| 583 | |a last modification |c 20190729 03:38:35 |k Rodrigo Vera | ||
| 650 | 0 | |a Matemática |9 260235 | |
| 650 | 0 | |a Análisis matemático |9 260146 | |
| 700 | 0 | |a Sherbert, Donald R |e author |9 574104 | |
| 942 | |c BK |2 ddc | ||
| 945 | |d 20140508 16:03:00 |a dcastane | ||
| 952 | |0 0 |1 0 |2 ddc |3 erd |4 0 |6 515_800000000000000_BAR_2011 |7 0 |8 A |9 462169 |a BIBMAT |b BIBMAT |i 5078849 |l 9 |m 15 |o 515.8 BAR 2011 |p 5078849 |r 2025-01-07 |s 2024-08-01 |w 2019-11-23 |y BK |z Catalogado en:20140508 |k MAT | ||
| 952 | |0 0 |1 0 |2 ddc |4 0 |6 515_800000000000000_BAR_2011 |7 0 |8 A |9 594848 |a BIBMAT |b BIBMAT |d 2024-05-27 |e 13 |g 194922.00 |i 5660929 |l 1 |o 515.8 BAR 2011 |p 5660929 |r 2025-01-07 |s 2024-09-04 |t 2 |v 194922.00 |w 2024-05-27 |y BK |k MAT | ||